000 00313nam a2200109 4500
008 180213b xxu||||| |||| 00| 0 eng d
245 _aProper forum for human rights abuses.
260 _aPhilippines:
_bPhilippine Daily Inquirer,
_cc2017.
300 _apage A10.
650 0 _926432
_aHuman rights.
942 _2ddc
_cPER
999 _c8606
_d8606